|
|
|
|
| LEADER |
00857nta a2200205 i 4500 |
| 001 |
dipl68488 |
| 005 |
20211118144903.0 |
| 008 |
170613s2016 hu om 0|| hun d |
| 040 |
|
|
|a SZTE Diploma Repozitórium
|b hun
|
| 041 |
|
|
|a hun
|
| 100 |
1 |
|
|a Pertics Piroska
|
| 245 |
1 |
2 |
|a A szakértői munka tartalma, a szakértői tevékenység fogadtatásának elemzése
|h [elektronikus dokumentum] /
|c Piroska Pertics
|
| 246 |
1 |
0 |
|a The content of the expert examination, the analysis of the expert activity reception
|h [elektronikus dokumentum]
|
| 260 |
|
|
|c 2016
|
| 650 |
|
4 |
|a Pedagógusképzés
|
| 650 |
|
4 |
|a Social sciences
|
| 650 |
|
4 |
|a Educational sciences
|
| 650 |
|
4 |
|a Education, general (including training, pedagogy, didactics)
|
| 700 |
1 |
|
|a Ormándi János
|e ths
|
| 856 |
4 |
0 |
|u http://diploma.bibl.u-szeged.hu/id/eprint/68488/1/2016_pertics_piroska.pdf
|z Dokumentum-elérés
|